| 000 | 01158nam a2200325 a 4500 | ||
|---|---|---|---|
| 001 | 000116329 | ||
| 003 | CHAP | ||
| 005 | 20220329144610.0 | ||
| 008 | 191213s2019 mx a |sm |||||||spa d | ||
| 010 | _a112790 | ||
| 011 | _a113762 | ||
| 040 | _cCHAP | ||
| 090 | _aTesis | ||
| 100 | 1 |
_aBaltazar Olivares, Pablo. _9137155 |
|
| 245 | 1 | 0 |
_aAnálisis de la formación del precio del aguacate en México _h[En línea] _cpor Pablo Baltazar Olivares. |
| 260 |
_aChapingo, Méx. : _bEl autor, _c2019. |
||
| 500 | _aPara ver el contenido del material haga clic en la liga | ||
| 502 | _aTesis (Licenciado en Economía) -- UACH. División de Ciencias Económico-Administrativas | ||
| 590 |
_aBATCH-UPD _b05 _c20191213 _lUCH01 _h1525 |
||
| 590 |
_aE6339RRR _b05 _c20191213 _lUCH01 _h1523 |
||
| 590 |
_aE6339RRR _b05 _c20191213 _lUCH01 _h1524 |
||
| 650 | 1 | 4 |
_aAguacate _xAspectos económicos. _92493 |
| 650 | 1 | 4 |
_aAguacate _xMercadeo. _92534 |
| 650 | 1 | 4 |
_aAguacate _xPrecios. _92548 |
| 650 | 1 | 4 |
_aAguacate _xProducción _zMéxico. _9135176 |
| 856 |
_aFinding aid _uhttp://10.13.5.2/tesis/sist116329.pdf _zTeclea aquí |
||
| 901 | _aBK | ||
| 942 | _cTESIS | ||
| 942 | _n0 | ||
| 999 |
_c112790 _d112790 |
||